Punctuation Marks - Sudden Death - Statistics

General Stats
  • This quiz has been taken 314 times
  • The average score is 11 of 13
Answers on the Grid
Answers color-coded by a green-red scale on the quiz's grid according to % correct below.
Apostrophe
Backslash
Semicolon
Metaphor
Adjective
Quotation Mark
Guillemet
Hyperbole
Tilde
Personification
Paradox
Euphemism
Caret
Period
Metonymy
Comma
Hyphen
Copyright
Litotes
Oxymoron
Adverb
Pilcrow
Question Mark
Conjunction
 
Answer Stats
Answer % Correct
Apostrophe
97%
Semicolon
95%
Quotation Mark
94%
Comma
93%
Hyphen
92%
Period
91%
Question Mark
91%
Backslash
85%
Tilde
73%
Caret
65%
Guillemet
63%
Pilcrow
59%
Copyright
55%
No matching quizzes found
Score Distribution
Percent of People with Each Score
Percentile by Number Answered
Your Score History
You have not taken this quiz